Normal view MARC view

Entry Nombre corporativo

Number of records used in: 2

001 - NÚMERO DE CONTROL

  • campo de control: 10436

003 - IDENTIFICADOR DE NÚMERO DE CONTROL

  • campo de control: OSt

005 - FECHA Y HORA DE LA ÚLTIMA TRANSACCIÓN

  • campo de control: 20221005155420.0

008 - ELEMENTOS DE DATO DE LONGITUD-FIJA

  • campo de control de longitud fija: 221005|| aca||aabn | a|a d

040 ## - FUENTE DE CATALOGACIÓN

  • Centro catalogador/agencia de origen: OSt
  • Centro/agencia transcriptor: OSt

110 ## - ENCABEZAMIENTO-NOMBRE DE ENTIDAD CORPORATIVA

  • Nombre de entidad corporativa o nombre de jurisdicción como elemento de entrada: ANALISTAS SOCIO-POLITICOS.
  • Unidad subordinada: Gabinete de Estudios
  • Sede del congreso/Lugar de la reunión: Madrid

670 ## - FUENTE DE DATOS ENCONTRADOS

  • Cita de la fuente: Work cat.: (OSt)10426: ANALISTAS SOCIO-POLITICOS. Gabinete de Estudios Madrid, <El> público español ante el sistema de pensiones actual y su posible evolución futura /, 1995

Powered by Koha